|
|
|
|
| LEADER |
00000cam a2200000 i 4500 |
| 001 |
1/99183 |
| 008 |
081211s2004 gre d |
| 020 |
|
|
|a 960-8350-25-5
|
| 035 |
|
|
|l 10102365
|
| 040 |
|
|
|a GR-MY-UA
|b gre
|e aacr
|
| 041 |
0 |
|
|a gre
|
| 082 |
0 |
|
|a 392.3709561
|2 (22)
|
| 100 |
1 |
|
|a Γερασίμου, Μαριάννα.
|
| 245 |
1 |
2 |
|a Η οθωμανική μαγειρική :
|b 99 παλατιανές συνταγές προσαρμοσμένες στη σύγχρονη κουζίνα /
|c Μαριάννα Γερασίμου ; μετάφραση Κατερίνα Στάθη
|
| 250 |
|
|
|a 2η έκδ.
|
| 260 |
|
|
|a Αθήνα :
|b Ποταμός,
|c 2004
|
| 300 |
|
|
|a 245 σ.;
|b έγχρ. εικ.;
|c 24 εκ.
|
| 504 |
|
|
|a Βιβλιογραφία: σ. 243-245
|
| 650 |
0 |
0 |
|a Cookery
|z Turkey.
|
| 650 |
0 |
0 |
|a Recipes
|z Turkey.
|
| 651 |
|
0 |
|a Turkey
|x Social life and customs.
|
| 700 |
1 |
|
|a Στάθη, Κατερίνα.
|4 trl
|
| 852 |
|
|
|a INST
|b LESVOS
|e 20081211
|h 392.3709561 ΓΕΡ
|p 005100043640
|q 005100043640
|t BK
|y 0
|
| 901 |
|
|
|a BIBL1-2008-3
|
| 909 |
|
|
|a Λ
|b 157491
|
| 970 |
|
|
|a ΚΑΡΑ
|b ΓΙΑΣΕΜΗ
|z 2008/12/11
|